| 000 | 00870nam a22002297a 4500 | ||
|---|---|---|---|
| 999 |
_c10287 _d10287 |
||
| 003 | AR-CdUCM | ||
| 008 | 190329b ||||| |||| 00| 0 spa d | ||
| 020 | _a978-612-4095-12-2 | ||
| 040 |
_aMUNICIPALIDAD PROVINCIAL DEL CUSCO _cBIBLIOTECA MUNICIPAL DEL CUSCO |
||
| 082 |
_a759.985 / _bS45 |
||
| 100 |
_aSeifert, Reinhard, _97052 |
||
| 245 | _aBagate, el pintor negado (1893-1969) / | ||
| 260 |
_aLima : _bLluvia Editores, _c2012. |
||
| 300 |
_a237 paginas ; _bIlustraciones, _c30 cm. |
||
| 505 | _aContenido :Apuntes sobre la vida de Juan del Carmen Villanueva Rodriguez --Descripción pictoria de los Lienzos --Los años iniciales del pintor --El concepto de pintura vernacular en Bagate ... | ||
| 650 |
_aPintores _96624 |
||
| 650 |
_aPinturas peruanas _927068 |
||
| 650 |
_aSiglo XX _98 |
||
| 650 |
_aEsculturas _913595 |
||
| 942 |
_2ddc _cLIBROS |
||
| 945 | _arjall | ||